书目信息 |
| 题名: |
京剧唱腔赏析
|
|
| 作者: | 庄永平 编著 | |
| 分册: | ||
| 出版信息: | 上海 上海音乐出版社 2013.10 |
|
| 页数: | 170页 | |
| 开本: | 29cm | |
| 丛书名: | 戏曲音乐入门丛书 | |
| 单 册: | ||
| 中图分类: | J617.13 | |
| 科图分类: | ||
| 主题词: | 京剧--唱腔--音乐欣赏 , 京剧 , 唱腔 , 音乐欣赏 | |
| 电子资源: | ||
| ISBN: | 978-7-5523-0251-6 | |
| 000 | 00967oam2 2200313 450 | |
| 001 | 0120131192403 | |
| 005 | 20140609165149.50 | |
| 010 | @a978-7-5523-0251-6@dCNY58.00(含光盘) | |
| 100 | @a20131216d2013 em y0chiy0110 ea | |
| 101 | 0 | @achi |
| 102 | @aCN@b310000 | |
| 105 | @ag z 000yy | |
| 106 | @ar | |
| 200 | 1 | @a京剧唱腔赏析@9jing ju chang qiang shang xi@f庄永平编著 |
| 210 | @a上海@c上海音乐出版社@d2013.10 | |
| 215 | @a170页@d29cm@e2光盘 | |
| 225 | 2 | @a戏曲音乐入门丛书 |
| 307 | @a附光盘:ISBN 978-7-7992-2637-8 | |
| 330 | @a本书共分为六部分,主要内容包括:京剧剧种简介、怎样欣赏京剧唱腔、熟悉京剧唱腔的乐谱、京剧唱段赏析等。 | |
| 333 | @a越剧爱好者 | |
| 461 | 0 | @12001 @a戏曲音乐入门丛书 |
| 606 | 0 | @a京剧@x唱腔@x音乐欣赏 |
| 606 | 0 | @a京剧 |
| 606 | 0 | @a唱腔 |
| 606 | 0 | @a音乐欣赏 |
| 690 | @aJ617.13@v5 | |
| 701 | 0 | @a庄永平@9zhuang yong ping@f(1945-)@4编著 |
| 801 | 0 | @aCN@b人天书店@c20131216 |
| 905 | @b847344-46@dJ617.13@e616@f3 | |
| 京剧唱腔赏析/庄永平编著.-上海:上海音乐出版社,2013.10 |
| 170页;29cm+2光盘.-(戏曲音乐入门丛书) |
| 使用对象:越剧爱好者 |
| ISBN 978-7-5523-0251-6:CNY58.00(含光盘) |
| 本书共分为六部分,主要内容包括:京剧剧种简介、怎样欣赏京剧唱腔、熟悉京剧唱腔的乐谱、京剧唱段赏析等。 |
| ● |
| 相关链接 |
|
|
|
|
正题名:京剧唱腔赏析
索取号:J617.13/616
 
预约/预借
| 序号 | 登录号 | 条形码 | 馆藏地/架位号 | 状态 | 备注 |
| 1 | 847344 | 208473445 | 第一样本阅览室/ [索取号:J617.13/616] | 在馆 | |
| 2 | 847345 | 208473454 | 美术系资料室/ [索取号:J617.13/616] | 在馆 | |
| 3 | 847346 | 208473463 | 第一借阅区/ [索取号:J617.13/616] | 在馆 |